000 00393nam a22001697a 4500
005 20190518165212.0
008 160701b xxu||||| |||| 00| 0 eng d
020 _a978-81-224-3638
041 _aeng
082 _b20716
100 _aGopal M
_9866
245 _aModern Control system theory
260 _bnew age
_c2015
300 _a557
650 _aDiploma Engineering
_9817
942 _cBK
999 _c5116
_d5114